000 00367 a2200169 4500
001 45360
020 _a8508073291
040 _cAnchieta - Aquarius
100 _aIacocca, Liliana
240 1 0 _aMão e contramão
_lpor
245 1 0 _aMão e contramão
300 _a32
362 0 _a1999
440 1 _aÁtica
650 4 _aLiteratura infanto-juvenil
942 _cBK
999 _c45360
_d45360